Projektový manažment v medzinárodnej kooperácii
Projektový manažment v podmienkach globalizácie. Využitie projektového manažmentu ako špecifického súboru znalostí z teórie manažmentu pri dosahovaní stanovených cieľov v rámci multilaterálnych kooperácií. Znaky globalizačného procesu. Globálne projekty a projekty globálnych podnikov. Multilaterálna...
Saved in:
| Main Author: | |
|---|---|
| Format: | Book Chapter |
| Language: | Slovak |
| Subjects: | |
| Tags: |
No Tags, Be the first to tag this record!
|
MARC
| LEADER | 00000naa$a2200000$$$4500 | ||
|---|---|---|---|
| 001 | 0025234 | ||
| 005 | 20240502071421.7 | ||
| 041 | 0 | |a slo | |
| 044 | |a SK | ||
| 245 | 1 | 0 | |a Projektový manažment v medzinárodnej kooperácii |c Miroslav Majtán |
| 520 | |a Projektový manažment v podmienkach globalizácie. Využitie projektového manažmentu ako špecifického súboru znalostí z teórie manažmentu pri dosahovaní stanovených cieľov v rámci multilaterálnych kooperácií. Znaky globalizačného procesu. Globálne projekty a projekty globálnych podnikov. Multilaterálna kooperácia ako dôsledok globalizácie. Motívy vstupu do multilaterálnych kooperácií. Typologizácia multilaterálnych kooperácií. Typy kooperačných sietí. | ||
| 610 | 2 | 0 | |a projekty |
| 610 | 2 | 0 | |a manažment |
| 610 | 2 | 0 | |a riadenie projektové |
| 610 | 2 | 0 | |a kooperácia hospodárska medzinárodná |
| 610 | 2 | 0 | |a globalizácia |
| 100 | 1 | |a Majtán, Miroslav | |